| 000 | 00404nam a2200169Ia 4500 | ||
|---|---|---|---|
| 008 | 221030s9999 xx 000 0 und d | ||
| 020 | _a8177221957 | ||
| 041 | _aEnglish | ||
| 082 | _a105.23 | ||
| 100 | _aS. Holzner | ||
| 245 | 0 |
_aPERL Black Book With CD _cby S. Holzner |
|
| 250 | _a2nd | ||
| 260 |
_bDreamtech Press _aNew Delhi _c2009 |
||
| 300 | _a1247 | ||
| 650 | _aCSE Career Award | ||
| 942 | _cBK | ||
| 999 |
_c6294 _d6294 |
||